Statistiken für Schnelle Mathematik - Quadratzahlen Level 03

Klicken Sie hier um das Quiz zu spielen!

Allgemein

  • Dieses Quiz wurde 215 mal gespielt
  • Das Durchschnittsergebnis liegt bei 18 aus 25

Antwortstatistiken

HintAntwort% Korrekt
1
100%
10²100
100%
16
100%
25
100%
36
100%
4
100%
49
100%
64
100%
81
100%
9
100%
12²144
95%
11²121
93%
13²169
84%
15²225
82%
14²196
70%
20²400
68%
16²256
50%
17²289
50%
18²324
41%
21²441
41%
19²361
34%
25²625
34%
22²484
27%
23²529
20%
24²576
14%

Verteilung der Resultate

Perzentil nach korrekt beantworteten Fragen

Anzahl Personen mit jedem Resultat

Ihre Resultats-Entwicklung

Sie haben dieses Quiz noch nicht gespielt